Soviet and Russian Military Aircraft Quiz - Statistics

General Stats
  • This quiz has been taken 246 times
    52 since last reset
  • The average score is 51 of 183
Answer Stats
Picture Hint Answer % Correct
Sukhoi Su-27
70%
Sukhoi Su-33/Su-27K
68%
Sukhoi Su-35S
68%
Antonov An-2 Annushka
66%
Mikoyan MiG-29S
66%
Sukhoi Su-25SM Grach
66%
Sukhoi Su-30SM
66%
Sukhoi Su-34
66%
Mikoyan-Gurevich MiG-21bis
64%
Mikoyan MiG-31DZ
64%
Mikoyan MiG-35
64%
Mikoyan-Gurevich MiG-15
60%
Mikoyan-Gurevich MiG-17
60%
Mikoyan-Gurevich MiG-25P
60%
Mikoyan-Gurevich MiG-27/MiG-23BM
60%
Mil Mi-24D Krokodil
58%
Mikoyan-Gurevich MiG-19P
58%
Mikoyan-Gurevich MiG-23MLD
58%
Sukhoi Su-57
58%
Mil Mi-8MT
56%
Sukhoi Su-24M
56%
Sukhoi Su-37 Terminator
56%
Kamov Ka-52 Alligator
52%
Mikoyan-Gurevich MiG-9
52%
Ilyushin Il-76MD-90A
50%
Mil Mi-28NM
50%
Mikoyan-Gurevich MiG-3
50%
Tupolev Tu-95MS
50%
Kamov Ka-50 Black Shark
48%
Mikoyan-Gurevich MiG-1
48%
Sukhoi Su-47 Berkut
48%
Ilyushin Il-2M Sturmovik
46%
Mil Mi-26
46%
Mil Mi-35M
46%
Sukhoi Su-15TM
46%
Sukhoi Su-17
46%
Sukhoi Su-7BKL
46%
Tupolev Tu-160 Bely Lebed
46%
Sukhoi Su-11
44%
Sukhoi Su-9
44%
Antonov An-12
42%
Antonov An-124-100 Ruslan
42%
Kamov Ka-27PL
42%
Yakovlev Yak-3
42%
Antonov An-26
40%
Ilyushin Il-78M
40%
Mil Mi-4
40%
Mil Mi-6
40%
Sukhoi Su-2 (BB-1)
40%
Tupolev Tu-4K
40%
Yakovlev Yak-38
40%
Mil Mi-1
38%
Mil Mi-2
38%
Tupolev Tu-16
38%
Tupolev Tu-2
38%
Antonov An-22A Antei
36%
Antonov An-24B
36%
Yakovlev Yak-1
36%
Yakovlev Yak-2 (BB-22)
36%
Yakovlev Yak-4 (BB-22bis)
36%
Yakovlev Yak-7B
36%
Yakovlev Yak-9D
36%
Antonov An-30B
34%
Antonov An-8
34%
Ilyushin Il-4 (DB-3F)
34%
Kamov Ka-29TB
34%
Mil Mi-10
34%
Mil Mi-14PL
34%
Yakovlev Yak-28P
34%
Yakovlev Yak-6M
34%
Ilyushin Il-10M
32%
Ilyushin Il-20M
32%
Mil Mi-38T
32%
Petlyakov Pe-2 Peshka
32%
Tupolev Tu-14T
32%
Yakovlev Yak-141
32%
Yakovlev Yak-27R
32%
Antonov An-10TS Ukraina
30%
Ilyushin Il-28
30%
Kamov Ka-31R
30%
Petlyakov Pe-8 (TB-7)
30%
Yakovlev Yak-10
30%
Yakovlev Yak-15
30%
Yakovlev Yak-17UTI
30%
Yakovlev Yak-18
30%
Yakovlev Yak-23
30%
Yakovlev Yak-25M
30%
Beriev A-50
28%
Ilyushin Il-22PP Porubshchik
28%
Kamov Ka-25PS
28%
Petlyakov Pe-3
28%
Yakovlev Yak-11
28%
Yakovlev Yak-12
28%
Yakovlev Yak-30
28%
Antonov An-72A Cheburashka
26%
Ilyushin Il-38 Dolphin
26%
Ilyushin Il-80/Il-86VKP Aimak
26%
Lavochkin La-11
26%
Lavochkin La-15
26%
Lavochkin La-5F
26%
Lavochkin La-7
26%
Lavochkin La-9
26%
Polikarpov Po-2VS (U-2VS) Kukuruznik
26%
Yakovlev Yak-14
26%
Kamov Ka-60 Kasatka
24%
Lavochkin-Gorbunov-Gudkov
LaGG-1 (I-22)
24%
Lavochkin-Gorbunov-Gudkov
LaGG-3
24%
Tupolev Tu-154B-2
24%
Yakovlev Yak-130
24%
Antonov An-14 Pchelka
22%
Ilyushin Il-12D
22%
Ilyushin Il-14P
22%
Yakovlev Yak-24U
22%
Yakovlev Yak-50
22%
Beriev Be-12 Chaika
20%
Beriev Be-6
20%
Polikarpov I-16 Ishak
20%
Ilyushin Il-62M
20%
Yakovlev Yak-52B
20%
Beriev Be-4 (KOR-2)
18%
Kamov Ka-15
18%
Myasishchev M-4 Molot
18%
Tupolev Tu-22M2
18%
Beriev Be-2 (KOR-1)
16%
Kamov Ka-10M
16%
Lisunov Li-2
16%
Tupolev Tu-104D
16%
Beriev A-100 Premier
14%
Tupolev Tu-134UBL Volga
14%
Tupolev Tu-142
14%
Tupolev Tu-214ON
14%
Beriev Be-10
12%
Beriev Be-200ES Altair
12%
Polikarpov I-15 Chaika
12%
Yakovlev Yak-152
12%
Ilyushin Il-112V
10%
Tupolev TB-1
10%
Tupolev TB-3 4M-17F
10%
Tupolev Tu-116
10%
Tupolev Tu-124Sh
10%
Tupolev Tu-128
10%
Yermolayev Yer-2
10%
Beriev A-60
8%
Antonov An-140-100
8%
Arkhangelsky Ar-2
8%
Ilyushin DB-3B
8%
Tupolev Tu-126
8%
Tupolev SB 2M-103 Katyusha
6%
Taganrog GST
4%
Polikarpov I-3
4%
Polikarpov I-5
4%
Polikarpov I-7
4%
Kamov Ka-226
4%
Myasishchev M-55 Geophysica
4%
Chyetverikov Chye-2
2%
Tupolev DB-1
2%
Kochyerigin DI-6
2%
Beriev MBR-2
2%
Shcherbakov Shche-2 Pike
2%
TsAGI A-4
0%
Kamov A-7bis
0%
Vultee BSh-1
0%
Bolkhovitinov DBA
0%
Tupolev I-14
0%
Grigorovich I-2
0%
Tupolev I-4
0%
Grigorovich IP-1
0%
Grigorovich I-Z
0%
Heinkel KR-1
0%
Taganrog MBR-4
0%
Tupolev MTB-1 (MDR-4)
0%
Tupolev MTB-2
0%
Polikarpov R-1
0%
Neman R-10
0%
Polikarpov R-2
0%
Tupolev R-3LD
0%
Polikarpov R-5
0%
Tupolev R-6
0%
Polikarpov R-Z
0%
Avro U-1 Avrushka
0%
Nikitin U-5
0%
Yakovlev UT-1
0%
Yakovlev UT-2
0%
No matching quizzes found
Score Distribution
Percent of People with Each Score
Percentile by Number Answered
Your Score History
You have not taken this quiz since the last reset